000 00323nam a22001337a 4500
020 _qHB.
040 _cFIZZA ISHAQ
082 _a943.086
_bALB
100 _aMARRIN,ALBERT.
_9133600
245 _aHITLER /
_cALBERT MARRIN.
260 _aNEW YORK ;
_bVIKING KESTREL,
_c1987.
300 _a249 P. ;
_c9X5.5IN
942 _2ddc
_cBK
999 _c616548
_d616548